000 00336 a2200109 4500
001 ART_2778
005 20260410161710.0
008 260409a
245 1 0 _aInflación y política de precios empresarial
100 1 _aVillanueva, Javier
773 0 _tDesarrollo económico
_g- Vol. 2, Nº 4 (ene./mar. 1963)
_wREV1174
999 _c15973
_d15973